banner koha

Bone mineral density of rat femurs after hindlimb unloading and different physical rehabilitation programs (Registro n. 216642)

MARC details
000 -LÍDER
campo de controle de tamanho fixo 00969nas a2200325 4500
001 - NÚMERO DE CONTROLE
campo de controle BR2012000373
003 - IDENTIFICADOR DO NÚMERO DE CONTROLE
campo de controle BR-BrBNA
005 - DATA E HORÁRIO DA ÚLTIMA TRANSAÇÃO
campo de controle 20231205120012.0
007 - CAMPO FIXO DE DESCRIÇÃO FÍSICA--INFORMAÇÃO GERAL
campo de controle de tamanho fixo ta
008 - CAMPO DE DADOS FIXOS--INFORMAÇÃO GERAL
campo de controle de tamanho fixo 230509b bl.|||p| |||| 00| 00por d
040 ## - FONTE DA CATALOGAÇÃO
Instituição da catalogação original BR-BrBNA
Idioma da catalogação por
Instituição que transcreveu o registro Biblioteca Nacional de Agricultura
041 ## - CÓDIGO DE IDIOMA
Código do idioma do texto/trilha sonora ou título diferente (En)
072 ## - CÓDIGO DE CATEGORIA DE ASSUNTO
Código de Categoria de Assunto L70; L74
100 1# - ENTRADA PRINCIPAL--NOME PESSOAL
Nome pessoal Barbosa, A.A.
100 1# - ENTRADA PRINCIPAL--NOME PESSOAL
Nome pessoal Del Carlo, R.J.
100 1# - ENTRADA PRINCIPAL--NOME PESSOAL
Nome pessoal Galvão, S.R.
100 1# - ENTRADA PRINCIPAL--NOME PESSOAL
Nome pessoal Vilela, M.J.
100 1# - ENTRADA PRINCIPAL--NOME PESSOAL
Nome pessoal Louzada, M.J.Q.
100 1# - ENTRADA PRINCIPAL--NOME PESSOAL
Nome pessoal Brito, A.F.S.
100 1# - ENTRADA PRINCIPAL--NOME PESSOAL
Nome pessoal Natali, A.J.
245 1# - TÍTULO
Título Bone mineral density of rat femurs after hindlimb unloading and different physical rehabilitation programs
650 ## - ASSUNTO--TERMO TÓPICO
Cabeçalho tópico ou nome geográfico RATO
650 ## - ASSUNTO--TERMO TÓPICO
Cabeçalho tópico ou nome geográfico VETERINÁRIA
650 ## - ASSUNTO--TERMO TÓPICO
Cabeçalho tópico ou nome geográfico DISTÚRBIO FISIOLÓGICO
650 ## - ASSUNTO--TERMO TÓPICO
Cabeçalho tópico ou nome geográfico FRATURA
650 ## - ASSUNTO--TERMO TÓPICO
Cabeçalho tópico ou nome geográfico TREINAMENTO
773 0# - ENTRADA ANALÍTICA
Título Revista Ceres (Brazil)
ISSN - International Standard Serial Number ISSN 0034-737X
Partes relacionadas (Jul-Aug 2011), v. 58(4) p. 407-412
Número de controle do registro BR2012000373
909 ## -
-- 202311
-- Lúcia
-- 55
-- Lúcia Elande
942 ## - ELEMENTOS DE ENTRADA ADICIONADOS (KOHA)
Fonte da classificação ou esquema de arquivamento na estante Classificação AGRIS
Ocultar no OPAC Não
Tipo de material Koha Analítica
Exemplares
Situação do descarte Fonte da classificação ou esquema de arquivamento na estante Situação física Não pode ser emprestado Biblioteca de origem Biblioteca atual Localização na estante Enumeração do periódico / cronologia Total de empréstimos Data de último acesso Número do exemplar Tipo de material Koha Fonte de aquisição
  Classificação AGRIS   Consulta local Biblioteca Nacional de Agricultura - Binagri Biblioteca Nacional de Agricultura - Binagri   (Jul-Aug 2011), v. 58(4) p. 407-412   29/11/2023 01 Periódicos Portaria Interministerial nº 164/94

BINAGRI

Telefone: (61)3218-2567/2388/3357/2097 - binagri@agro.gov.br

Ministério da Agricultura e Pecuária , Esplanada dos Ministérios, Bloco D, Anexo B, Brasília/DF, CEP: 70.043-900